|
|
|
|
| LEADER |
00000nam0a2200000 4500 |
| 001 |
155745 |
| 005 |
20231031152544.0 |
| 035 |
|
|
|a (RuTPU)RU\TPU\book\168925
|
| 090 |
|
|
|a 155745
|
| 100 |
|
|
|a 20090318d1976 de y0rusy50 ca
|
| 101 |
0 |
|
|a rus
|
| 102 |
|
|
|a RU
|
| 105 |
|
|
|a a z 000ay
|
| 200 |
1 |
|
|a Повесть об Атлантиде
|e повесть и рассказы
|e для среднего и старшего школьного возраста
|f Ю. Г. Томин
|g худож. Л. Селизаров
|
| 205 |
|
|
|a 5-е изд.
|
| 210 |
|
|
|a Ленинград
|c Детская литература
|d 1976
|
| 215 |
|
|
|a 223 с.
|c ил.
|
| 333 |
|
|
|a Исключено из фонда НТБ ТПУ
|
| 700 |
|
1 |
|a Томин
|b Ю. Г.
|g Юрий Геннадиевич
|
| 702 |
|
1 |
|a Селизаров
|b Л.
|4 440
|
| 801 |
|
1 |
|a RU
|b 63413507
|c 20090318
|g PSBO
|
| 801 |
|
2 |
|a RU
|b 63413507
|c 20160311
|g RCR
|
| 942 |
|
|
|c BK
|